000 00292nam a22001337a 4500
008 170323b xxu||||| |||| 00| 0 eng d
020 _a9780323025959
041 _aeng
080 _23ED
_a616.9
100 _a8
101 _aSHM
245 _aINFECTION CONTROL
_cMILLER.CH.H
942 _2udc
_cBK
999 _c8445
_d8445